| 000 | 01535nam a2200265 a 4500 | ||
|---|---|---|---|
| 003 | AM-YEHGA | ||
| 040 | _aAM-YeHGA | ||
| 090 | _c455748 | ||
| 005 | 20250617160417.0 | ||
| 008 | 200930s2020 ai ||||frf||||001|0|arm|| | ||
| 020 | _a9789939728513 | ||
| 041 | 0 | _aarm | |
| 100 | 1 | _aԲաղդասարյան, Նելլի Քաջիկի | |
| 245 | 1 | 0 |
_aՔաղաքագիտություն : _bՀարցեր և պատասխաններ : ՈՒսումնական ձեռնարկ / _cՆ.Ք. Բաղդասարյան ; Գրախոսներ՝ Հ. Գևորգյան, Ա. Ղազարյան ; [Խմբագիր՝ Ն.Ա. Խաչատրյան] ; Հայաստանի Հանրապետության կրթության, գիտության, մշակույթի և սպորտի նախարարություն ; ՀԱՊՀ, Հասարակական գիտությունների ամբիոն. |
| 260 |
_aԵրևան : _bՃարտարագետ, _c2020. |
||
| 300 |
_a293 էջ ; _c20 սմ. |
||
| 504 | _aՕգտագործված գրականության ցանկ՝ էջ 292-293: | ||
| 525 | _aՀավելվածներ՝ էջ 256-291: | ||
| 650 | 1 | 4 |
_aՔաղաքագիտություն _vՈւսումնական ձեռնարկներ |
| 700 | 1 |
_aԳևորգյան, Հ. _eգրախոս _4rev |
|
| 700 | 1 |
_aՂազարյան, Ա. _eգրախոս _4rev |
|
| 700 | 1 |
_aԽաչատրյան, Ն.Ա. _eխմբագիր _4edt |
|
| 710 | 2 |
_aՀայաստանի ազգային պոլիտեխնիկական համալսարան : _bՀասարակական գիտությունների ամբիոն |
|
| 942 |
_2udc _cBK |
||
| 999 |
_c452788 _d452788 |
||